| 000 | 00360nam a2200121Ia 4500 | ||
|---|---|---|---|
| 008 | 220217s9999 xx 000 0 und d | ||
| 245 | 0 | _aVulvanized rubber- Guide to storage | |
| 260 | _aSwitzerland | ||
| 260 |
_c1973 _bInternational Organization for Standardization |
||
| 500 | _aStandard number: ISO 2230 | ||
| 650 | _aVulcanized rubber storage | ||
| 942 | _cST | ||
| 999 |
_c74074 _d74074 |
||